[Event "Titled Tue 3rd Jan Late"]
[Site "chess.com INT"]
[Date "2025.06.03"]
[Round "1"]
[White "Frempong-Smart Daniel"]
[Black "Ozcan, Kaan"]
[Result "0-1"]
[WhiteTitle "CM"]
[BlackTitle "FM"]
[WhiteElo "1841"]
[BlackElo "2230"]
[WhiteFideId "12601659"]
[BlackFideId "34566422"]
[EventDate "2025.06.03"]

1. d4 Nf6 2. c4 e6 3. Nf3 d5 4. Nc3 a6 5. cxd5 exd5 6. Bg5 c6 7. e3 Bg4 8. Bd3
Nbd7 9. h3 Bh5 10. O-O Bd6 11. a3 O-O 12. b4 h6 13. Bf4 Bxf4 14. exf4 Qc7 15. g3
Rfe8 16. g4 Bg6 17. Bxg6 fxg6 18. Ne5 g5 19. fxg5 hxg5 20. Nd3 Ne4 21. Nxe4 Rxe4
22. Nc5 Nxc5 23. dxc5 Rf8 24. Kg2 Qf4 25. Rb1 Rd4 26. Qc1 Qf3+ 27. Kh2 Rd3 28.
Qxg5 Qxh3+ 29. Kg1 Rd4 30. f3 Qg3+ 31. Kh1 Rf6 32. Rg1 Qh3# 0-1

[Event "Titled Tue 3rd Jan Late"]
[Site "chess.com INT"]
[Date "2025.06.03"]
[Round "1"]
[White "Metin, Enis"]
[Black "Fernandez Guillen, Ernesto J."]
[Result "1-0"]
[BlackTitle "IM"]
[WhiteElo "2169"]
[BlackElo "2485"]
[WhiteFideId "26306948"]
[BlackFideId "3512428"]
[EventDate "2025.06.03"]

1. e4 e5 2. Nf3 Nc6 3. Bb5 f5 4. d3 fxe4 5. dxe4 Nf6 6. O-O d6 7. Bg5 Bg4 8. h3
Bh5 9. Nc3 Be7 10. Bxf6 Bxf6 11. Nd5 Rf8 12. c3 Qd7 13. b4 Bg6 14. Re1 O-O-O 15.
a4 h6 16. Nd2 Bg5 17. Nc4 Qf7 18. Ra2 Ne7 19. a5 Nxd5 20. exd5 Bh4 21. g3 Bg5
22. a6 b6 23. Na3 Bf5 24. h4 Bxh4 25. gxh4 Qg6+ 26. Kh2 Qf6 27. Kg3 g5 28. h5 e4
29. Be2 g4 30. Kg2 Rg8 31. Qd4 Qg5 32. Nb5 Kb8 33. Qc4 g3 34. Qxc7+ Ka8 35.
Qxa7# 1-0

[Event "Titled Tue 3rd Jan Late"]
[Site "chess.com INT"]
[Date "2025.06.03"]
[Round "1"]
[White "Montiel, Angel Nathanael"]
[Black "Horobetz, Graham"]
[Result "0-1"]
[WhiteTitle "CM"]
[WhiteElo "2011"]
[BlackElo "2250"]
[WhiteFideId "3706923"]
[BlackFideId "2047322"]
[EventDate "2025.06.03"]

1. Nf3 c5 2. e4 e6 3. b3 d5 4. exd5 exd5 5. Bb5+ Nc6 6. O-O Bd6 7. d4 cxd4 8.
Re1+ Ne7 9. Nxd4 O-O 10. Bb2 Bd7 11. Bd3 Nxd4 12. Bxd4 Nf5 13. Bb2 Qg5 14. Bf1
Rae8 15. Rxe8 Rxe8 16. Nd2 Nh4 17. Nf3 Qf4 18. g3 Nxf3+ 19. Kg2 Nh4+ 20. gxh4
Qxh2+ 21. Kf3 Qh1+ 22. Bg2 Bg4+ 23. Kxg4 Qxg2+ 24. Kh5 Qg6# 0-1

[Event "Titled Tue 3rd Jan Late"]
[Site "chess.com INT"]
[Date "2025.06.03"]
[Round "1"]
[White "Zepeda Berlanga, Jan Enrique"]
[Black "Qin, Kevin"]
[Result "0-1"]
[WhiteTitle "CM"]
[WhiteElo "1941"]
[BlackElo "2017"]
[WhiteFideId "5132355"]
[BlackFideId "2627949"]
[EventDate "2025.06.03"]

1. e4 d6 2. d4 e5 3. Nf3 Bg4 4. dxe5 Nd7 5. Be2 dxe5 6. O-O Bd6 7. h3 Bxf3 8.
Bxf3 Ngf6 9. Nd2 Qe7 10. Qe2 Bc5 11. Nb3 Bb6 12. a4 a5 13. Rd1 h6 14. Be3 Bxe3
15. Qxe3 b6 16. Be2 O-O 17. Nd2 Rfd8 18. Nf3 Nc5 19. Bd3 Nxd3 20. Rxd3 Rxd3 21.
cxd3 Rd8 22. Rc1 Qd6 23. Kf1 Nd7 24. d4 exd4 25. Qxd4 Nc5 26. Qxd6 Rxd6 27. e5
Rd3 28. Ke2 Rb3 29. Rc2 Nxa4 30. Nd4 Rxb2 31. f4 Rxc2+ 32. Nxc2 Nc5 33. Ke3 Kf8
34. g4 Ke7 35. Kd4 a4 36. f5 Kd7 37. Na3 c6 38. Nc4 Kc7 39. h4 Nb3+ 40. Kc3 Nc5
41. Kd4 Nb7 42. g5 hxg5 43. hxg5 b5 44. Nb2 a3 45. g6 fxg6 46. f6 gxf6 47. exf6
Nd8 48. f7 Nxf7 0-1

[Event "Titled Tue 3rd Jan Late"]
[Site "chess.com INT"]
[Date "2025.06.03"]
[Round "1"]
[White "Rojas Alarcon, Julian Antonio"]
[Black "Gonzalez Mojica, Renan Arturo"]
[Result "1-0"]
[WhiteTitle "FM"]
[BlackTitle "FM"]
[WhiteElo "2365"]
[BlackElo "2098"]
[WhiteFideId "5107407"]
[BlackFideId "4482379"]
[EventDate "2025.06.03"]

1. d4 d6 2. g3 g6 3. Bg2 Bg7 4. c4 Nf6 5. Nc3 O-O 6. e3 c5 7. Nge2 Nc6 8. O-O
cxd4 9. exd4 e5 10. dxe5 dxe5 11. Nd5 Be6 12. Bg5 Bxd5 13. cxd5 Nb4 14. Qb3 Qb6
15. Be3 Qa6 16. Nc3 Nd3 17. Rfd1 Rac8 18. d6 Nc5 19. Bxc5 Rxc5 20. Bxb7 Qb6 21.
Qxb6 axb6 22. Ne4 Nxe4 23. Bxe4 Rd8 24. Bb7 Rc2 25. b4 e4 26. Rab1 Rxa2 27. d7
Rb2 28. Rxb2 Bxb2 29. Bxe4 Bf6 30. b5 Be7 31. Bc6 f5 32. h4 Kf7 33. Kg2 Bc5 34.
f3 Ke7 35. g4 fxg4 36. fxg4 Rf8 37. Re1+ Kd6 38. Re8 Rf2+ 39. Kg3 1-0

[Event "Titled Tue 3rd Jan Late"]
[Site "chess.com INT"]
[Date "2025.06.03"]
[Round "1"]
[White "Ozalp, Burak"]
[Black "Haug, Havard"]
[Result "0-1"]
[WhiteTitle "CM"]
[BlackTitle "FM"]
[WhiteElo "2059"]
[BlackElo "2354"]
[WhiteFideId "6314210"]
[BlackFideId "1547887"]
[EventDate "2025.06.03"]

1. e4 c5 2. Nf3 d6 3. d4 cxd4 4. Nxd4 Nf6 5. Nc3 Nc6 6. Bg5 g6 7. Be2 Bg7 8. O-O
O-O 9. Nb3 Be6 10. Re1 Rc8 11. Bf1 a6 12. Nd5 Bxd5 13. exd5 Ne5 14. c3 Qc7 15.
h3 Rfe8 16. Qd2 Nc4 17. Bxc4 Qxc4 18. Rad1 Ne4 19. Qf4 Nxg5 20. Qxg5 Bf6 21. Qg4
Qxg4 22. hxg4 b5 23. a3 Rc4 24. f3 Rec8 25. Na5 R4c7 26. Rd3 Kg7 27. g3 h6 28.
Kg2 Rc5 29. f4 g5 30. Kf3 R8c7 31. Re4 Kg6 32. Ke2 Rc8 33. Kd2 h5 34. gxh5+ Kxh5
35. f5 g4 36. Ree3 Bg5 37. Ke2 Bxe3 38. Kxe3 Kg5 39. Ke4 Rc4+ 40. Nxc4 Rxc4+ 41.
Rd4 Rxd4+ 42. Kxd4 Kxf5 43. c4 bxc4 44. Kxc4 Ke4 45. b4 f5 46. a4 f4 47. gxf4 g3
48. b5 g2 49. bxa6 g1=Q 50. Kb5 Qc5# 0-1

[Event "Titled Tue 3rd Jan Late"]
[Site "chess.com INT"]
[Date "2025.06.03"]
[Round "1"]
[White "Mendes Aaron Reeve"]
[Black "Reprintsev, Alexander"]
[Result "1-0"]
[WhiteTitle "IM"]
[BlackTitle "IM"]
[WhiteElo "2335"]
[BlackElo "2256"]
[WhiteFideId "25954938"]
[BlackFideId "14100541"]
[EventDate "2025.06.03"]

1. a3 g6 2. e4 Bg7 3. d4 d5 4. e5 c5 5. c3 Nc6 6. Be3 a5 7. f4 Qb6 8. Qd2 c4 9.
Nf3 Bf5 10. Be2 a4 11. Qc1 Na5 12. Nbd2 h5 13. Kf2 Nh6 14. h3 Be4 15. Nxe4 Nb3
16. Qb1 dxe4 17. Qxe4 Nxa1 18. Rxa1 Qxb2 19. Rb1 Qxa3 20. Bc1 Qa2 21. Rb2 Qa1
22. Rxb7 O-O 23. Rb1 Qxc3 24. d5 Qa5 25. Ba3 c3 26. Bxe7 Rfc8 27. d6 Nf5 28. e6
Nxe7 29. exf7+ Kxf7 30. Qxe7+ Kg8 31. Rb7 Qc5+ 32. Kg3 Rc7 33. Rxc7 Qxc7 34.
dxc7 c2 35. Qe6+ Kh7 36. Ng5+ Kh6 37. Bd3 1-0

[Event "Titled Tue 3rd Jan Late"]
[Site "chess.com INT"]
[Date "2025.06.03"]
[Round "1"]
[White "Kozionov, Kirill"]
[Black "Feng, Eric"]
[Result "0-1"]
[WhiteTitle "IM"]
[WhiteElo "2449"]
[BlackElo "2126"]
[WhiteFideId "24101729"]
[BlackFideId "30952590"]
[EventDate "2025.06.03"]

1. Nf3 c6 2. g3 d5 3. Bg2 Nf6 4. O-O g6 5. c4 Bg7 6. Nc3 O-O 7. d4 Be6 8. Ng5
Bf5 9. cxd5 cxd5 10. Qb3 Nc6 11. e3 Na5 12. Qa4 a6 13. Nf3 b5 14. Qd1 Rc8 15.
Ne5 Nc4 16. a4 b4 17. Ne2 Nxe5 18. dxe5 Ne4 19. f4 Bg4 20. Bxe4 dxe4 21. Qxd8
Rfxd8 22. Nd4 f6 23. Bd2 a5 24. exf6 Bxf6 25. Rac1 Bxd4 26. exd4 Rxd4 27. Be3
Rd3 28. Bb6 Rb8 29. Bxa5 Rd2 30. b3 e3 31. Rfe1 Rd3 32. Rc7 Kf7 33. Rc4 Rxb3 34.
Re4 e2 35. Bc7 Rb7 36. Bd8 Rd3 37. Ba5 b3 38. Rb4 Rxb4 39. Bxb4 b2 40. Kf2 Rd1 0-1

[Event "Titled Tue 3rd Jan Late"]
[Site "chess.com INT"]
[Date "2025.06.03"]
[Round "1"]
[White "Rosen, Eric"]
[Black "Tymrakiewicz, Rafal"]
[Result "1-0"]
[WhiteTitle "IM"]
[BlackTitle "FM"]
[WhiteElo "2377"]
[BlackElo "2189"]
[WhiteFideId "2032562"]
[BlackFideId "1108832"]
[EventDate "2025.06.03"]

1. d4 d5 2. Bf4 c5 3. Nc3 Nc6 4. e4 cxd4 5. exd5 dxc3 6. dxc6 Qxd1+ 7. Rxd1 bxc6
8. Bc7 Bb7 9. h4 cxb2 10. Rh3 Rc8 11. Ba5 Nf6 12. Rb3 e6 13. Rxb7 Bc5 14. Rxb2
O-O 15. Bd3 Rb8 16. Rdb1 Rxb2 17. Rxb2 Nd5 18. Rb7 f5 19. Nf3 Rf7 20. Rb8+ Rf8
21. Rb7 Rf7 22. Rb1 Nf4 23. Ne5 Rf8 24. g3 Nd5 25. Rb7 g6 26. Bd2 Bd4 27. Nxc6
Bc3 28. Bxc3 Nxc3 29. Bc4 1-0

[Event "Titled Tue 3rd Jan Late"]
[Site "chess.com INT"]
[Date "2025.06.03"]
[Round "1"]
[White "Carlsson, Ludvig"]
[Black "Perry, Patrick"]
[Result "1-0"]
[WhiteTitle "IM"]
[WhiteElo "2374"]
[BlackElo "2296"]
[WhiteFideId "1727010"]
[BlackFideId "30917727"]
[EventDate "2025.06.03"]

1. e4 Nf6 2. Nc3 e5 3. Nf3 Bb4 4. Nxe5 O-O 5. Be2 Re8 6. Nd3 Bxc3 7. dxc3 Nxe4
8. O-O Nc6 9. a4 d6 10. Be3 Bf5 11. a5 a6 12. Re1 h6 13. Nf4 Ne5 14. f3 Nf6 15.
Bf2 Ng6 16. Nxg6 Bxg6 17. Qd2 Qd7 18. Bf1 Qc6 19. c4 Rxe1 20. Rxe1 Re8 21. Rxe8+
Qxe8 22. b3 Qe6 23. c5 d5 24. Bd4 c6 25. b4 Nd7 26. c3 f6 27. Kf2 Kf7 28. Qf4
Ne5 29. Qe3 Bc2 30. h3 Bb3 31. f4 Nd7 32. Qxe6+ Kxe6 33. Bd3 Bc4 34. Bg6 Nf8 35.
Bh5 g6 36. f5+ Kxf5 37. Bg4+ Ke4 38. Bc8 f5 39. h4 h5 40. Bg7 Nh7 41. Be6 g5 42.
Bg8 gxh4 43. Bxh7 Bd3 44. Bd4 Kf4 45. Bg6 Kg4 46. Bf7 h3 47. gxh3+ Kxh3 48. Bxh5
Kh4 49. Bf7 Kg5 50. Be6 Bb5 51. Bc8 Kf4 52. Bxb7 Ke4 53. Bc8 f4 54. Be6 Bc4 55.
Bd7 Bb5 56. Be8 Bc4 57. Bg6# 1-0

[Event "Titled Tue 3rd Jan Late"]
[Site "chess.com INT"]
[Date "2025.06.03"]
[Round "1"]
[White "Gerbelli Neto, Eduardo"]
[Black "Vlassov, Nikolai"]
[Result "0-1"]
[BlackTitle "IM"]
[WhiteElo "2114"]
[BlackElo "2291"]
[WhiteFideId "2103281"]
[BlackFideId "4103360"]
[EventDate "2025.06.03"]

1. e4 Nc6 2. d4 d5 3. Nc3 e5 4. dxe5 d4 5. Nd5 f5 6. Bd3 Nxe5 7. Nf3 Nxd3+ 8.
cxd3 c6 9. Nf4 fxe4 10. dxe4 Bb4+ 11. Bd2 Bxd2+ 12. Qxd2 c5 13. O-O Nf6 14. e5
Nd5 15. Nxd5 Qxd5 16. b4 b6 17. bxc5 bxc5 18. Rfe1 O-O 19. Ng5 Bb7 20. f3 h6 21.
Ne4 Qxe5 22. Rac1 Bxe4 23. Rxe4 Qd5 24. Qa5 Rac8 25. Qxa7 d3 26. Re7 Qd4+ 27.
Kf1 Rfe8 28. Rce1 Rxe7 29. Qxe7 Rd8 30. Qe6+ Kh8 31. Rd1 c4 0-1

[Event "Titled Tue 3rd Jan Late"]
[Site "chess.com INT"]
[Date "2025.06.03"]
[Round "1"]
[White "George, Kevin"]
[Black "Atkeson, Christopher Timothy"]
[Result "1-0"]
[WhiteTitle "IM"]
[WhiteElo "2301"]
[BlackElo "2031"]
[WhiteFideId "10669515"]
[BlackFideId "39956547"]
[EventDate "2025.06.03"]

1. e4 b6 2. d4 Bb7 3. Bd3 g6 4. Nf3 Bg7 5. O-O d6 6. Qe2 e5 7. Bg5 f6 8. Be3 Ne7
9. dxe5 fxe5 10. Ng5 Qd7 11. Bc4 d5 12. exd5 Bxd5 13. Nc3 c6 14. Rad1 h6 15.
Nge4 O-O 16. Bxd5+ cxd5 17. Nxd5 Nxd5 18. Qc4 Kh7 19. Rxd5 Qf7 20. Rfd1 Nd7 21.
Qc7 Nf6 22. Nxf6+ Qxf6 23. Rd7 Rac8 24. Qxa7 Rxc2 25. Rxg7+ Kh8 26. Rh7+ Kg8 27.
Rxh6 Rxf2 28. Rxg6+ Qxg6 29. Bxf2 Qf5 30. Qxb6 e4 31. Qe3 1-0

[Event "Titled Tue 3rd Jan Late"]
[Site "chess.com INT"]
[Date "2025.06.03"]
[Round "1"]
[White "Ghafourian, Amir Ali"]
[Black "Mahdavi, Reza"]
[Result "0-1"]
[WhiteTitle "CM"]
[BlackTitle "IM"]
[WhiteElo "2111"]
[BlackElo "2445"]
[WhiteFideId "12533831"]
[BlackFideId "12595926"]
[EventDate "2025.06.03"]

1. f4 Nf6 2. Nf3 g6 3. g3 c5 4. Bg2 d5 5. d3 Bg7 6. c3 d4 7. e4 dxe3 8. Bxe3 Qc7
9. O-O O-O 10. Na3 Rd8 11. Ne5 Nbd7 12. Nb5 Qb6 13. Qb3 Nxe5 14. fxe5 Be6 15. c4
Ng4 16. Bf4 Nxe5 17. Rae1 Rxd3 18. Qa4 Nxc4 19. Rxe6 Qxe6 20. Nc7 Nxb2 21. Qc2
Qc4 22. Qxc4 Nxc4 23. Nxa8 e5 24. Bc1 f5 25. Bxb7 e4 26. Ba6 Rc3 27. Nc7 Bd4+
28. Kh1 Ne5 29. Nd5 Rc2 30. Bh6 Ng4 31. Ne7+ Kf7 32. Nxf5 Rxh2# 0-1

[Event "Titled Tue 3rd Jan Late"]
[Site "chess.com INT"]
[Date "2025.06.03"]
[Round "1"]
[White "Zahedifar, Anahita"]
[Black "Sarana, Alexey"]
[Result "0-1"]
[WhiteTitle "WFM"]
[BlackTitle "GM"]
[WhiteElo "2143"]
[BlackElo "2686"]
[WhiteFideId "12560715"]
[BlackFideId "24133795"]
[EventDate "2025.06.03"]

1. d4 Nf6 2. Nf3 d5 3. c4 c6 4. Nc3 e6 5. g3 Nbd7 6. cxd5 exd5 7. Bg2 Bd6 8. O-O
O-O 9. Bf4 Qe7 10. Bxd6 Qxd6 11. a3 Re8 12. Re1 Nb6 13. b3 Bf5 14. Nh4 Bg4 15.
Qd3 Rad8 16. Nf5 Qd7 17. Ne3 Bh5 18. Qf5 Qe7 19. Qd3 Bg6 20. Qd2 Nc8 21. b4 Nd6
22. a4 a6 23. Qb2 Be4 24. Bxe4 Nfxe4 25. Nxe4 Qxe4 26. Rad1 Re6 27. Qc2 Rde8 28.
Qxe4 Rxe4 29. Kf1 h5 30. Ng2 Nf5 31. e3 g5 32. h3 Kg7 33. Re2 Kg6 34. Rb2 Nd6
35. Ne1 Nc4 36. Ra2 f5 37. Nd3 h4 38. gxh4 Rxh4 39. Kg2 Rxe3 40. Ne5+ Rxe5 41.
dxe5 Nxe5 42. Re2 Kf6 43. Rde1 Re4 44. b5 axb5 45. axb5 c5 46. b6 c4 47. f3
Rxe2+ 48. Rxe2 c3 49. Ra2 d4 50. Kf2 Nd3+ 51. Kf1 Nc1 52. Ra7 c2 53. Rxb7 Na2
54. Rc7 Nc3 0-1

[Event "Titled Tue 3rd Jan Late"]
[Site "chess.com INT"]
[Date "2025.06.03"]
[Round "1"]
[White "Wuebker, Paul-Luca"]
[Black "Papasimakopoulos, Alexandros"]
[Result "0-1"]
[WhiteTitle "CM"]
[BlackTitle "IM"]
[WhiteElo "2244"]
[BlackElo "2366"]
[WhiteFideId "12939528"]
[BlackFideId "4244125"]
[EventDate "2025.06.03"]

1. Nf3 Nf6 2. b3 g6 3. Bb2 Bg7 4. g4 O-O 5. g5 Nh5 6. d4 c5 7. e3 Nc6 8. Be2 d5
9. Nbd2 Bg4 10. h3 Bxf3 11. Nxf3 Re8 12. Ne5 Qa5+ 13. Kf1 Nxe5 14. dxe5 Qc7 15.
Bxh5 gxh5 16. f4 d4 17. exd4 cxd4 18. Bxd4 Rad8 19. c3 f6 20. gxf6 exf6 21. Qxh5
fxe5 22. Re1 Rf8 23. Bxe5 Rxf4+ 24. Kg2 Bxe5 25. Rxe5 Rd2+ 26. Kg3 Rf7 27. Re1
Rg7+ 28. Kh4 Qd8+ 29. Re7 Rxe7 30. Qg5+ Kf7 31. Rf1+ Ke8 32. Rf4 Re5 33. Qxd8+
Rxd8 0-1

[Event "Titled Tue 3rd Jan Late"]
[Site "chess.com INT"]
[Date "2025.06.03"]
[Round "1"]
[White "Yanev, Tihomir"]
[Black "Dyachuk, Artem"]
[Result "1-0"]
[WhiteTitle "IM"]
[BlackTitle "FM"]
[WhiteElo "2354"]
[BlackElo "2356"]
[WhiteFideId "2910110"]
[BlackFideId "34107924"]
[EventDate "2025.06.03"]

1. e4 c5 2. Nc3 d6 3. g3 g6 4. Bg2 Bg7 5. d3 Nc6 6. f4 Nf6 7. Nf3 O-O 8. O-O Rb8
9. h3 b5 10. g4 b4 11. Ne2 a5 12. f5 Nd7 13. Rb1 a4 14. b3 axb3 15. axb3 Ra8 16.
Be3 Ra2 17. Nc1 Ra3 18. Qe1 Na7 19. Qh4 Ne5 20. Ne2 Ra2 21. Nxe5 Bxe5 22. Rbc1
Nb5 23. Rf2 Na3 24. Nf4 e6 25. g5 exf5 26. Nd5 Be6 27. Nf6+ Bxf6 28. gxf6 Kh8
29. Bh6 Nb5 30. Rf4 Kg8 31. Bg7 h5 32. Qg5 Bxb3 33. Qh6 Nd4 34. Qh8# 1-0

[Event "Titled Tue 3rd Jan Late"]
[Site "chess.com INT"]
[Date "2025.06.03"]
[Round "1"]
[White "Firouzja, Alireza"]
[Black "Novosel, Lovro"]
[Result "1-0"]
[WhiteTitle "GM"]
[BlackTitle "FM"]
[WhiteElo "2757"]
[BlackElo "2346"]
[WhiteFideId "12573981"]
[BlackFideId "14547120"]
[EventDate "2025.06.03"]

1. Nf3 Nf6 2. g3 e6 3. Bg2 d5 4. O-O Be7 5. d3 O-O 6. Nbd2 c5 7. e4 Nc6 8. Re1
b5 9. e5 Nd7 10. Nf1 a5 11. c3 a4 12. h4 Ba6 13. Bf4 b4 14. Qxa4 Bxd3 15. Qd1
Bxf1 16. Bxf1 bxc3 17. bxc3 c4 18. Qc2 Ra3 19. h5 Qa5 20. Rec1 Ra8 21. h6 Rxa2
22. Rxa2 Qxa2 23. Qd1 g6 24. Rc2 Qb3 25. Qd2 Nc5 26. Rb2 Qa3 27. Qc2 Nd3 28.
Bxd3 cxd3 29. Qd2 Na5 30. Ra2 Qb3 31. Ra1 Bf8 32. Qxd3 Ra7 33. Be3 Ra8 34. Nd4
Qc4 35. Qxc4 dxc4 36. Nc6 Nxc6 37. Rxa8 Nxe5 38. Bc5 Nd7 39. Bb4 f5 40. Rd8 1-0

[Event "Titled Tue 3rd Jan Late"]
[Site "chess.com INT"]
[Date "2025.06.03"]
[Round "1"]
[White "Winkels, Marcel"]
[Black "Becking, Stephan"]
[Result "0-1"]
[WhiteTitle "CM"]
[BlackTitle "IM"]
[WhiteElo "1918"]
[BlackElo "2410"]
[WhiteFideId "1003887"]
[BlackFideId "4632478"]
[EventDate "2025.06.03"]

1. e4 e6 2. d4 d5 3. Nc3 Nf6 4. e5 Nfd7 5. Nce2 c5 6. c3 Nc6 7. f4 f5 8. Nf3 Be7
9. Be3 b6 10. g3 Ba6 11. Bg2 O-O 12. O-O Rc8 13. a3 Na5 14. Kh1 h6 15. Bg1 Qe8
16. b4 Bxe2 17. Qxe2 Nc4 18. Rab1 Nxa3 19. Rb2 cxb4 20. cxb4 Nc4 21. Ra2 a5 22.
bxa5 bxa5 23. Rb1 Bb4 24. Qd3 Ndb6 25. Bf1 Na4 26. Rg2 Nc3 27. Rc1 Ne4 28. g4
fxg4 29. Rxg4 Qh5 30. Rg2 Rxf4 31. Be2 Qh3 32. Qd1 Rcf8 33. Bxc4 dxc4 0-1

[Event "Titled Tue 3rd Jan Late"]
[Site "chess.com INT"]
[Date "2025.06.03"]
[Round "1"]
[White "Schmakel, Sam"]
[Black "Khanbutaev, Artemii"]
[Result "1-0"]
[WhiteTitle "IM"]
[WhiteElo "2449"]
[BlackElo "2059"]
[WhiteFideId "2039311"]
[BlackFideId "55747175"]
[EventDate "2025.06.03"]

1. c4 Nf6 2. Nc3 e6 3. Nf3 d5 4. e3 a6 5. b3 b6 6. Bb2 Bb7 7. d4 Bd6 8. Bd3 O-O
9. O-O Nbd7 10. Qe2 Ne4 11. Rfd1 f5 12. a3 Rf6 13. b4 Rh6 14. g3 Ndf6 15. c5
Nxc3 16. Bxc3 Ne4 17. Be1 Be7 18. Ne5 Bf6 19. Rac1 g5 20. f3 Bxe5 21. dxe5 Qe7
22. c6 Bc8 23. fxe4 fxe4 24. Bb1 a5 25. b5 Qxa3 26. Bc3 Qe7 27. Rf1 a4 28. Rf6
Rxf6 29. exf6 Qf7 30. Rf1 a3 31. Ba2 Ra4 32. Qd1 Ra7 33. Qg4 h6 34. h4 e5 35.
Qxc8+ Kh7 36. Qf5+ Kg8 37. Qxe5 1-0

[Event "Titled Tue 3rd Jan Late"]
[Site "chess.com INT"]
[Date "2025.06.03"]
[Round "1"]
[White "Panarin, Mikhail"]
[Black "Calvo Gonzalez, Jose Felix"]
[Result "1-0"]
[WhiteTitle "GM"]
[BlackTitle "CM"]
[WhiteElo "2562"]
[BlackElo "2168"]
[WhiteFideId "4153251"]
[BlackFideId "54505615"]
[EventDate "2025.06.03"]

1. e4 c5 2. Nf3 d6 3. d4 cxd4 4. Nxd4 Nf6 5. Nc3 a6 6. Bd3 Nc6 7. Nxc6 bxc6 8.
b3 g6 9. Bb2 Bg7 10. Na4 O-O 11. O-O Bb7 12. e5 Nd7 13. exd6 exd6 14. Bxg7 Kxg7
15. Qd2 Qf6 16. Rad1 Rad8 17. Qb4 Rb8 18. Rfe1 Ne5 19. Qc3 Rfe8 20. Be4 Kg8 21.
Qg3 Rbc8 22. f4 Nd7 23. Bf3 d5 24. Bg4 Rxe1+ 25. Rxe1 Rd8 26. Bxd7 Rxd7 27. Nc5
Re7 28. c3 Rxe1+ 29. Qxe1 Kg7 30. Nxb7 1-0

[Event "Titled Tue 3rd Jan Late"]
[Site "chess.com INT"]
[Date "2025.06.03"]
[Round "1"]
[White "Brancaleoni, Maurizio"]
[Black "Askarov, Bakhtiyar"]
[Result "0-1"]
[WhiteTitle "FM"]
[BlackTitle "IM"]
[WhiteElo "2185"]
[BlackElo "2300"]
[WhiteFideId "803022"]
[BlackFideId "13701100"]
[EventDate "2025.06.03"]

1. Nf3 Nf6 2. c4 g6 3. b4 Bg7 4. Bb2 O-O 5. e3 d6 6. Be2 c5 7. b5 a5 8. O-O b6
9. d3 Bb7 10. Nfd2 Nbd7 11. Bf3 Qc8 12. Nc3 Ne5 13. Bxb7 Qxb7 14. Qc2 Rac8 15.
Nde4 Nxe4 16. Nxe4 Rfd8 17. f4 Nxd3 18. Bxg7 Qxe4 19. Bh6 d5 20. cxd5 Qxe3+ 21.
Kh1 Rxd5 22. Rf3 Qe4 23. f5 Rcd8 24. fxg6 hxg6 25. Raf1 Qh4 26. Be3 Ne5 27. Rh3
Qc4 28. Qf2 Qxf1+ 29. Qxf1 Rd1 30. Kg1 Rxf1+ 31. Kxf1 Rd3 32. Ke2 Ra3 33. Bf4
Rxa2+ 34. Kd1 Ng4 35. Bc7 Nf2+ 0-1

[Event "Titled Tue 3rd Jan Late"]
[Site "chess.com INT"]
[Date "2025.06.03"]
[Round "1"]
[White "Mitrabha, Guha"]
[Black "Dobre, Claudiu-Cristian"]
[Result "1-0"]
[WhiteTitle "GM"]
[BlackTitle "IM"]
[WhiteElo "2515"]
[BlackElo "2265"]
[WhiteFideId "5057000"]
[BlackFideId "1211854"]
[EventDate "2025.06.03"]

1. d4 d5 2. Bf4 Nf6 3. e3 e6 4. Nd2 c5 5. Ngf3 Nc6 6. c3 Nh5 7. Be5 Nxe5 8. Nxe5
Nf6 9. f4 Be7 10. Bd3 Qc7 11. O-O O-O 12. Rf3 b6 13. Rh3 g6 14. g4 Bb7 15. Qe1
Ne4 16. g5 Nxd2 17. Qxd2 Kg7 18. Qg2 a5 19. Rf1 Ba6 20. Bxa6 Rxa6 21. Rff3 Bd6
22. Rh6 cxd4 23. exd4 b5 24. Rfh3 Rh8 25. Qf2 b4 26. Qh4 bxc3 27. Rxh7+ Rxh7 28.
Qxh7+ Kf8 29. Qh8+ Ke7 30. Qf6+ Ke8 31. Rh8+ Bf8 32. Nxg6 fxg6 33. Rxf8+ Kd7 34.
Rf7+ Kc8 35. Rxc7+ Kxc7 36. bxc3 Rc6 37. Qxg6 a4 38. Qf7+ Kb6 39. g6 Rxc3 40.
Qxe6+ Kb5 41. Qxd5+ 1-0

[Event "Titled Tue 3rd Jan Late"]
[Site "chess.com INT"]
[Date "2025.06.03"]
[Round "1"]
[White "Fadi, Marko"]
[Black "Bok, Benjamin"]
[Result "0-1"]
[WhiteTitle "FM"]
[BlackTitle "GM"]
[WhiteElo "2244"]
[BlackElo "2591"]
[WhiteFideId "10605371"]
[BlackFideId "1017063"]
[EventDate "2025.06.03"]

1. c4 c5 2. Nc3 g6 3. g3 Bg7 4. Bg2 Nc6 5. Nf3 d6 6. O-O Rb8 7. Rb1 a6 8. a3 b5
9. cxb5 axb5 10. b4 cxb4 11. axb4 e5 12. d3 Nge7 13. Bd2 O-O 14. Qc1 Bd7 15. Bh6
Nf5 16. Bxg7 Kxg7 17. Qb2 h6 18. Rfc1 Nfe7 19. Nd2 Be6 20. Nxb5 Qd7 21. Nc3 Nxb4
22. Qa3 Nbc6 23. Nde4 Nf5 24. e3 Rfd8 25. Nb5 Nce7 26. Qa5 Rdc8 27. g4 Rxb5 28.
Qa4 Rxb1 29. Qxd7 Rcxc1+ 30. Bf1 Rxf1+ 31. Kg2 Bxd7 32. gxf5 Nxf5 0-1

[Event "Titled Tue 3rd Jan Late"]
[Site "chess.com INT"]
[Date "2025.06.03"]
[Round "1"]
[White "Shandrygin, Nikita"]
[Black "Sivakumar, Shaashwath"]
[Result "1-0"]
[WhiteTitle "FM"]
[BlackTitle "FM"]
[WhiteElo "2209"]
[BlackElo "2234"]
[WhiteFideId "24198668"]
[BlackFideId "30912156"]
[EventDate "2025.06.03"]

1. e4 d6 2. d4 Nf6 3. Nc3 g6 4. f3 Bg7 5. Be3 c6 6. Qd2 b5 7. h4 h5 8. Nh3 Bxh3
9. Rxh3 Nbd7 10. Bd3 a6 11. Ne2 e5 12. c3 d5 13. O-O-O Qa5 14. Kb1 O-O-O 15. Nc1
dxe4 16. fxe4 Ng4 17. Nb3 Qc7 18. Bg1 a5 19. c4 b4 20. d5 c5 21. Be2 a4 22. Na1
Qd6 23. Bxg4 hxg4 24. Rh1 f5 25. Qc2 Nb6 26. exf5 e4 27. Qxe4 Rhe8 28. Qxg4 Qe5
29. f6+ Kb8 30. Bh2 1-0

[Event "Titled Tue 3rd Jan Late"]
[Site "chess.com INT"]
[Date "2025.06.03"]
[Round "1"]
[White "Ivashentseva, Dominika"]
[Black "Kislinsky, Alexey"]
[Result "0-1"]
[WhiteTitle "WCM"]
[BlackTitle "GM"]
[WhiteElo "1921"]
[BlackElo "2350"]
[WhiteFideId "34331050"]
[BlackFideId "14108801"]
[EventDate "2025.06.03"]

1. d4 d5 2. c4 dxc4 3. Nf3 Nf6 4. Nc3 a6 5. a4 Nc6 6. e4 Bg4 7. Be3 Bxf3 8. gxf3
e5 9. d5 Na5 10. f4 Bd6 11. fxe5 Bxe5 12. Qc2 Qd6 13. Rg1 O-O 14. Bh6 Nh5 15.
Be3 Nf4 16. Be2 Rfe8 17. O-O-O b5 18. Rg4 Nb3+ 19. Kb1 Rab8 20. Rdg1 g6 21. axb5
axb5 22. Nxb5 Rxb5 23. Bxc4 Rb7 24. Bxb3 Reb8 25. Bxf4 Bxf4 26. Bc4 Be5 27. b3
Qa3 28. Qa2 Rxb3+ 29. Bxb3 Rxb3+ 30. Qxb3 Qxb3+ 31. Kc1 Bc3 32. f4 Qb2+ 33. Kd1
Qd2# 0-1